000 00922nam a2200241 a 4500
008 120416s1998 ||||||||||||||||| || u
020 _a0750699612
050 _aHD 57.7 Nag
100 _aNagle, Bernard A., 1951-
245 1 0 _aLeveraging people and profit
246 _athe hard work of soft management
260 _aBoston, Mass. :
_bBUTTERWORTH HEINEMANN
_c1998
300 _axxvi, 207 p. : ill.
350 _a0.00
500 _aIncludes bibliographical references (p. 197-199) and index.
650 0 _aLEADERSHIP
650 0 _aMANAGEMENT
650 0 _aINDUSTRIAL MANAGEMENT
700 _aPascarella, Perry
856 _uhttp://www.loc.gov/catdir/description/els032/97014579.html
856 _uhttp://www.loc.gov/catdir/toc/els032/97014579.html
995 _D0.00
_FCBU-MAIN LIBRARY (Kitwe)
_H1
_I17.95
_M1
_UAVAILABLE
_ZMain Library Open Access Collection
999 _c49138
_d49138